000 00170nam a2200073Ia 4500
008 170817s9999 xx 000 0 und d
100 _aMahmud.Jafar
245 0 _aAids In The World
260 _bA.P.H. PUB.
999 _c38491
_d38491